GETS Theological Seminary Library

An unstoppable force: (Record no. 16574)

MARC details
000 -LEADER
fixed length control field 00698nam a2200193Ia 4500
008 - FIXED-LENGTH DATA ELEMENTS--GENERAL INFORMATION
fixed length control field 200824s9999||||xx |||||||||||||| ||und||
020 ## - INTERNATIONAL STANDARD BOOK NUMBER
International Standard Book Number 0764423061
020 ## - INTERNATIONAL STANDARD BOOK NUMBER
International Standard Book Number 9780764423062
041 ## - LANGUAGE CODE
Language code of text/sound track or separate title eng
050 ## - LIBRARY OF CONGRESS CALL NUMBER
Classification number BV600.2
Item number .M39 2001
100 ## - MAIN ENTRY--PERSONAL NAME
Personal name McManus, Erwin Raphael
245 #3 - TITLE STATEMENT
Title An unstoppable force:
Remainder of title daring to become the church God had in mind / by Erwin Raphael McManus. /
Statement of responsibility, etc. Erwin Raphael McManus
260 ## - PUBLICATION, DISTRIBUTION, ETC.
Place of publication, distribution, etc. Loveland, Colo. :
Name of publisher, distributor, etc. Group
Date of publication, distribution, etc. 2001
300 ## - PHYSICAL DESCRIPTION
Extent 224 p. :
Other physical details color ill. ;
Dimensions 24 cm.
650 ## - SUBJECT ADDED ENTRY--TOPICAL TERM
Topical term or geographic name entry element Christianity -- History -- Primitive and early church, ca.30-600.
650 ## - SUBJECT ADDED ENTRY--TOPICAL TERM
Topical term or geographic name entry element Church history -- Primitive and early church, ca.30-600.
650 ## - SUBJECT ADDED ENTRY--TOPICAL TERM
Topical term or geographic name entry element Church renewal.
Holdings
Withdrawn status Lost status Damaged status Not for loan Home library Current library Shelving location Date acquired Total Checkouts Full call number Barcode Date last seen Price effective from Koha item type
        GETS Theological Seminary Library GETS Theological Seminary Library General Stacks 08/24/2020   BV600.2 .M39 2001 00004734 08/24/2020 08/24/2020 English Books
OpacCredits

Contact the Librarian, GETS Library
Email: library@mygets.org









Implemented by GETS Library
(Powered by ETCA Professional Group)
GETS Theological Seminary
412 E. Rowland Street, CA 91723